| 000 | 00498nam a22001337a 4500 | ||
|---|---|---|---|
| 005 | 20241207164318.0 | ||
| 008 | 240916b ||||| |||| 00| 0 eng d | ||
| 100 |
_aDollente, Saturnino T. _eauthor. _914042 |
||
| 245 |
_aRecord keeping _bits relevance to teaching / _cSaturnino T. Dollente. |
||
| 260 |
_aPhilippines; _bPublishers Association of the Philippines, Inc., _cJanuary 2018. |
||
| 300 | _aVolume 66, pages 302-303. | ||
| 700 |
_aDollente, Saturnino T. _eauthor. _914042 |
||
| 942 |
_2ddc _cPER |
||
| 999 |
_c21650 _d21650 |
||